000 01365nam a2200337 a 4500
001 28900
003 BD-RjUL
005 20211209051339.0
008 190312m19861978bg 000 0 ben d
020 _c: Tk. 40.00 (V-1) ; Tk. 175.00 (V-2)
035 _a(BD-RjUL)28984
040 _aBD-RjUL
_cBD-RjUL
_dBD-RjUL
_bben
041 _aben
082 0 0 _a103
_bHAD V-1-2 1978-1986
100 1 _aহাই, সাইয়েদ আবদুল
_9117034
245 1 0 _aদর্শন ও মনোবিদ্যা পরিভাষাকোষ /
_cসাইয়েদ আবদুল হাই
250 _a১ম সং.
260 _aঢাকা :
_bবাংলা একাডেমী,
_c১৯৭৮.
300 _a২ খণ্ড ;
_c২১ সেমি.
490 _aবা এ ;
_v৯৮৬ (V-1)
490 _aবা এ ;
_v১৮৯৪ (V-2)
504 _aগ্রন্থপঞ্জি সংযুক্ত
505 0 _aখণ্ড ১ (A-L) -- খণ্ড ২ (M-Z)
650 _aদর্শন
_vঅভিধান
_9117035
650 _aPhilosophy
_vDictionaries.
_9117036
650 _aমনোবিজ্ঞান
_vঅভিধান
_9229303
650 _aPsychology
_vDictionaries
_9229304
830 _aবা এ ;
_v৯৮৬ (V-1)
_9246437
830 _aবা এ ;
_v১৮৯৪ (V-2)
_9246437
942 _2ddc
_cREF
999 _c28900
_d28900